100 Car Brands - Statistics

General Stats
  • This quiz has been taken 217 times
  • The average score is 40 of 100
Answer Stats
Classification Brand % Correct
Easy Audi
88%
Easy BMW
87%
Easy Mercedes-benz
85%
Easy Ford
84%
Easy Volkswagen
84%
Easy Ferrari
83%
Easy Toyota
83%
Easy Lamborghini
81%
Easy Honda
80%
Easy Opel
76%
Easy Chevrolet
75%
Easy Volvo Car Corporation
75%
Easy Fiat
73%
Easy Hyundai
72%
Easy Renault
72%
Easy Citroen
71%
Easy Skoda Auto
71%
Easy Bugatti
70%
Easy Peugeot
70%
Easy Nissan
68%
Easy Kia
67%
Easy Alfa Romeo
66%
Easy Mazda
66%
Normal Jaguar
64%
Easy SEAT
64%
Normal Aston Martin
62%
Normal Bentley
62%
Easy Dodge
60%
Easy Suzuki
60%
Easy Subaru
59%
Easy Jeep
57%
Easy Lexus
57%
Easy Rolls-Royce
57%
Easy Tesla
57%
Normal Maserati
56%
Easy Land Rover
54%
Easy Mini
54%
Easy Dacia
52%
Hard Łada
50%
Easy Mclaren Automotive
50%
Easy Acura
49%
Hard Cadillac
49%
Normal Koenigsegg
49%
Normal Chrysler
46%
Normal Infiniti
46%
Hard Buick
43%
Normal Pagani Automobile
43%
Normal GMC
42%
Easy Lotus Cars
42%
Hard Pontiac
41%
Easy Smart
41%
Hard Lincoln
40%
Easy Porshe
40%
Normal Abarth
39%
Hard Daewoo Motors
39%
Easy Lancia
37%
Hard MG Cars
36%
Normal Maybach
35%
Normal Vauxhall
33%
Easy Ram Trucks
32%
Normal Alpine
31%
Normal Holden
26%
Hard MAN
25%
Easy Datsun
23%
Normal Cupra
22%
Hard Brabus
20%
Normal SsangYong Motor
20%
Normal Hennessey
17%
Hard Ariel Motor Company
16%
Hard Zenvo
16%
Normal Caterham
14%
Hard Shelby American
14%
Hard DAF Trucks
13%
Hard DeLorean
13%
Extreme GAZ
13%
Hard Saleen
13%
Extreme TVR
13%
Hard Ascari Cars
12%
Hard Morgan Motor Company
12%
Hard Rimac Automobile
12%
Normal Apollo Automobil
10%
Normal Eagle
10%
Hard Noble Automotive
9%
Hard Lucid Motors
8%
Hard Morris Motor Company
8%
Hard NIO
7%
Easy Misubishi
6%
Hard Mosler
6%
Extreme Izera
5%
Hard Melex
4%
Hard Ultima Sports
4%
Extreme Bollwel
3%
Extreme Cizeta
3%
Extreme Merkur
3%
Extreme Wuling Motors
3%
Hard Firebird
2%
The hardest K-1 Engineering
1%
Hard Local Motors
1%
Extreme Myers Motors
1%
Hard REASR
1%
No matching quizzes found
Score Distribution
Percent of People with Each Score
Percentile by Number Answered
Your Score History
You have not taken this quiz